Menyinari jiwa menjauhi dosa

Bibliographic Details
Main Author: Muhammad Sayyid Ahmad
Format: Book
Published: Kuala Lumpur : Darul Nu'man , 2001
Subjects:

MARC

LEADER 00000cam a2200000 7i4500
001 0000013387
005 20080111.0
008 080111
020 |a 9830463133 
090 0 0 |a 297.22   |b MUH 
100 0 |a Muhammad Sayyid Ahmad 
245 1 0 |a Menyinari jiwa menjauhi dosa   |c Muhammad Sayyid Ahmad 
260 |a Kuala Lumpur :   |b Darul Nu'man ,   |c 2001 
650 0 |a Kufr (Islam) 
650 0 |a Muslims   |x Conduct of life 
650 0 |a Sin (Islam) 
999 |a 0001008726   |b Book   |c Adult Collection   |e Perbadanan Perpustakaan Awam Johor 
999 |a 0001008727   |b Book   |c Adult Collection   |e Perbadanan Perpustakaan Awam Johor 
999 |a 0001008728   |b Book   |c Adult Collection   |e Perbadanan Perpustakaan Awam Johor